00433nam a22001337a 4500003000500000038001800005082000800023100002200031245009400053264003300147650002000180700004200200856005700242NUST aNusrat Nadeem a200 aShabbir, Muhammad aThe Influence of Immigrant Business Ownership on International Trade/cMuhammad Shabbir,  aIslamabad:bNBS NUST.c2025. aExecutive MBA  aSupervisor: Dr Shujahat Haider Hashmi uhttp://10.250.8.41:8080/xmlui/handle/123456789/56883